000 00472nam a2200133Ia 4500
003 GCL
008 140319s9999 xx 000 0 ara d
040 _aGCL /
_cGCL
082 0 4 _a301.24
_bع ت
245 1 0 _aالتحليل الاجتماعى لظاهرة الانقسام السياسى فى الوطن العربى ( حزب البعث العربى الاشتراكى نموذجا)
260 _a[S.N] :
_bمكتبة مدبولى ،
_c1993
300 _a495 ص
490 _a
999 _c55963
_d55963